000 00860cam a22003133a 4500
001 145
003 PGUSA
005 20140828082944.0
008 940701s1994||||xxu|||||s|||||000 1 eng d
040 _aPGUSA
_beng
042 _adc
050 4 _aPR
100 1 _aEliot, George,
_d1819-1880
245 1 0 _aMiddlemarch
_h[electronic resource] /
_cGeorge Eliot
260 _bProject Gutenberg,
_c1994
506 _aPublic domain in the USA.
516 _aElectronic text
653 _aYoung women -- Fiction
653 _aEngland -- Fiction
653 _aDidactic fiction
653 _aBildungsromans
653 _aLove stories
653 _aDomestic fiction
653 _aMarried people -- Fiction
653 _aCity and town life -- Fiction
830 0 _aProject Gutenberg
_v145
856 4 0 _uhttp://www.gutenberg.org/ebooks/145
942 _cEB
999 _c229516
_d229516